00414nam a2200157 a 450000100060000000300090000600800410001502000150005604000280007108200100009910000370010924500360014626000410018230000100022365000230023317747CO-ViMGA141112s2004 ck r 000 u spa d a9802571326 aCO-ViMGAbspacCO-ViMGA04aURIdi1 aUribe, Verónica; Coll, Ivar Da10aDiego y la gran cometa voladora aCaracas (Venezuela), cEkare, c2002 a30.p.14aCUENTOS INFANTILES